[Event "GER-ch U25-B"]
[Site "Willingen"]
[Date "2018.05.25"]
[Round "8"]
[White "Koenig, Dominik"]
[Black "Reyher, Susan"]
[Result "0-1"]
[WhiteElo "1296"]
[BlackElo "1614"]
[PlyCount "62"]
[EventDate "2018.05.19"]
[EventType "swiss"]
[EventRounds "9"]
[EventCountry "GER"]
[SourceTitle "CBM 184 Extra"]
[Source "ChessBase"]
[SourceDate "2018.06.28"]
[SourceVersion "1"]
[SourceVersionDate "2018.06.28"]
[SourceQuality "1"]

1. e4 e5 2. Nf3 Nc6 3. Bc4 Bc5 4. c3 Nf6 5. d4 exd4 6. cxd4 Bb4+ 7. Nc3 Bxc3+ 8. bxc3 Nxe4 9. Qb3 0-0 10. 0-0 Na5 11. Qc2 Nxc4 12. Qxe4 d5 13. Qc2 Qf6 14. Bg5 Qf5 15. Qa4 Bd7 16. Qb4 b6 17. a4 a5 18. Qb3 h6 19. Be3 Rfe8 20. Rfe1 Re6 21. Nd2 Nxe3 22. fxe3 Rae8 23. c4 dxc4 24. Nxc4 Qd5 25. Ra2 Rc6 26. Rc2 Be6 27. Rec1 Qe4 28. Kf2 Bd5 29. Rf1 Bxc4 30. Rxc4 Rxc4 31. Qxc4 Qxe3# 0-1

[Event "GER-ch U25-B"]
[Site "Willingen"]
[Date "2018.05.20"]
[Round "1"]
[White "Koenig, Dominik"]
[Black "Silber, Stefanie"]
[Result "0-1"]
[WhiteElo "1296"]
[BlackElo "1609"]
[PlyCount "84"]
[EventDate "2018.05.19"]
[EventType "swiss"]
[EventRounds "9"]
[EventCountry "GER"]
[SourceTitle "CBM 184 Extra"]
[Source "ChessBase"]
[SourceDate "2018.06.28"]
[SourceVersion "1"]
[SourceVersionDate "2018.06.28"]
[SourceQuality "1"]

1. e4 c6 2. Nc3 d5 3. d4 dxe4 4. Nxe4 Bf5 5. Ng3 Bg6 6. Nf3 Nd7 7. Bf4 Ngf6 8. Bc4 Nb6 9. Bb3 Nbd5 10. Qd2 e6 11. 0-0 a5 12. a3 Ne4 13. Nxe4 Bxe4 14. Bxd5 Qxd5 15. Nh4 Be7 16. f3 Bxc2 17. Qxc2 Qxd4+ 18. Rf2 Qxf4 19. g3 Qd4 20. Rd1 Qb6 21. Kg2 g5 22. Nf5 exf5 23. Re2 Rd8 24. Rde1 Rd7 25. Qxf5 Kd8 26. Qxf7 Rf8 27. Qxh7 Bb4 28. Qh6 Bxe1 29. Qxf8+ Kc7 30. Rxe1 Qxb2+ 31. Kh1 Qf2 32. Rg1 Rd2 33. Qf7+ Kb8 34. Qh5 g4 35. Qe5+ Ka7 36. Qxa5+ Kb8 37. Qe5+ Ka8 38. Qa5+ Kb8 39. Qe5+ Kc8 40. Qe8+ Kc7 41. Qe5+ Kb6 42. Rb1+ Ka6 0-1

[Event "GER-ch U25-B"]
[Site "Willingen"]
[Date "2018.05.20"]
[Round "2"]
[White "Rautenberg, Jakob"]
[Black "Koenig, Dominik"]
[Result "1-0"]
[WhiteElo "1531"]
[BlackElo "1296"]
[PlyCount "89"]
[EventDate "2018.05.19"]
[EventType "swiss"]
[EventRounds "9"]
[EventCountry "GER"]
[SourceTitle "CBM 184 Extra"]
[Source "ChessBase"]
[SourceDate "2018.06.28"]
[SourceVersion "1"]
[SourceVersionDate "2018.06.28"]
[SourceQuality "1"]

1. e4 e6 2. d4 d5 3. Nd2 Nf6 4. e5 Nfd7 5. Ngf3 c5 6. c3 Nc6 7. Nb3 cxd4 8. cxd4 f6 9. Bf4 fxe5 10. dxe5 Bb4+ 11. Nbd2 0-0 12. Bg3 Qc7 13. a3 Ba5 14. Rc1 Qb8 15. Bb5 Ndxe5 16. Nxe5 Nxe5 17. Qe2 Bc7 18. 0-0 Nc6 19. Bxc7 Qxc7 20. Nf3 a6 21. Bxc6 bxc6 22. Qc2 Bd7 23. Rfe1 h6 24. Nd4 Rf6 25. Nxc6 Bxc6 26. Qxc6 Qxc6 27. Rxc6 Kf7 28. Rc7+ Kg6 29. Re7 Rb8 30. b4 Rb6 31. g3 Rd6 32. f4 d4 33. Kf2 Kh7 34. Ke2 Kg8 35. Kd3 Kf8 36. Rc7 Rd5 37. Rc5 Rd6 38. Re4 Rf5 39. Rxf5+ exf5 40. Rxd4 Ke7 41. Rxd6 Kxd6 42. Kd4 Kc6 43. a4 h5 44. h4 g6 45. Ke5 1-0

[Event "GER-ch U25-B"]
[Site "Willingen"]
[Date "2017.06.04"]
[Round "1"]
[White "Koenig, Dominik"]
[Black "Schulz, Paul"]
[Result "1-0"]
[WhiteElo "1150"]
[BlackElo "1001"]
[PlyCount "51"]
[EventDate "2017.06.04"]
[EventType "swiss"]
[EventRounds "9"]
[EventCountry "GER"]
[SourceTitle "CBM 178 Extra"]
[Source "ChessBase"]
[SourceDate "2017.06.22"]
[SourceVersion "1"]
[SourceVersionDate "2017.06.22"]
[SourceQuality "1"]

1. e4 e5 2. Nf3 Nc6 3. Bc4 Nf6 4. d3 Bc5 5. Nc3 d6 6. Qe2 Bg4 7. Bg5 Nd4 8. Qd1 h6 9. Be3 Qd7 10. h3 Bh5 11. g4 Bg6 12. Bxd4 exd4 13. Ne2 Bb4+ 14. c3 dxc3 15. Nxc3 d5 16. exd5 Nxd5 17. Bxd5 Qxd5 18. Qa4+ c6 19. Qxb4 Qxf3 20. Rg1 b6 21. Rg3 Qf6 22. Re3+ Kd7 23. 0-0-0 Rhe8 24. Ne4 Qf4 25. Nc5+ bxc5 26. Qxf4 1-0

[Event "GER-ch U25-B"]
[Site "Willingen"]
[Date "2017.06.04"]
[Round "2"]
[White "Wagner, Margarethe"]
[Black "Koenig, Dominik"]
[Result "1-0"]
[WhiteElo "1293"]
[BlackElo "1150"]
[PlyCount "35"]
[EventDate "2017.06.04"]
[EventType "swiss"]
[EventRounds "9"]
[EventCountry "GER"]
[SourceTitle "CBM 178 Extra"]
[Source "ChessBase"]
[SourceDate "2017.06.22"]
[SourceVersion "1"]
[SourceVersionDate "2017.06.22"]
[SourceQuality "1"]

1. e4 e6 2. d4 d5 3. e5 c5 4. c3 Nc6 5. Nf3 Qb6 6. Be2 Bd7 7. 0-0 cxd4 8. cxd4 f6 9. exf6 Nxf6 10. Nc3 Bd6 11. Rb1 e5 12. dxe5 Nxe5 13. Nxe5 Bxe5 14. Nxd5 Qe6 15. Nxf6+ Bxf6 16. Re1 0-0 17. b3 Bc6 18. Bc4 1-0